| 000 | | | 04205nac2a22002771x 450 |
| 001 | | | 6882c77e-c52d-48b3-bff7-efdb4002ccc4 |
| 005 | | | 20131121110911.0 |
| 100 | ## | $a | 20130529l19121914k y0rusy50 ca |
| 101 | 0# | $a | rus |
| 102 | ## | $a | RU |
| 105 | ## | $a | y z ||||| |
| 200 | 1# | $a | Заключения экспертов Владимирского окружного суда по делу Колоскова И. В. и Григорьева Д., обвинявшихся в принадлежности к хлыстовской секте, и их кассационные жалобы Сенату на решение Московской судебной палаты по тому же делу |
| | $j | 1912-1914 |
| 215 | ## | $a | 47 листов |
| 251 | ## | $c | Дело |
| 300 | ## | $a | Машинописный текст |
| 330 | ## | $a | Документальные материалы, отложившиеся в результате служебной и общественной деятельности А. Ф. Кони; По должности сенатора и члена Государственного совета |
| 461 | #0 | $1 | 0013a54f2e3-e9cf-409b-80fa-f0a9bd3c40cb |
| | $1 | 2001 |
| | $a | Кони Анатолий Федорович, юрист, литератор, член академии наук, председатель Санкт-Петербургского окружного суда, член государственного совета |
| | $1 | 251 |
| | $c | Фонд |
| | $1 | 852 |
| | $j | 564 |
| 462 | #0 | $1 | 00178a475cd-a47d-4377-bff3-cee4b81de655 |
| | $1 | 2001 |
| | $a | Опись дел фонда А. Ф. Кони за 1880-1931 гг. |
| | $1 | 251 |
| | $c | Опись |
| | $1 | 852 |
| | $j | 1 |
| 600 | #1 | $a | Кони |
| | $b | А. Ф. |
| | $f | 1844-1927 |
| | $g | Анатолий Федорович |
| 600 | #1 | $a | Колосков |
| | $b | И. В. |
| 600 | #1 | $a | Григорьев |
| | $b | Д. |
| 601 | 02 | $3 | RU\NLR\AUTH\8810178232 |
| | $a | Владимирский окружной суд |
| 601 | 02 | $3 | RU\NLR\AUTH\8810073474 |
| | $a | Московская военная комиссия для оказания помощи призванным на действительную военную службу |
| 801 | #0 | $a | RU |
| | $b | GA_RF |
| 801 | #1 | $a | RU |
| | $b | НПО Опыт |
| | $c | 20130529 |
| | $2 | rusmarc |
| 801 | #2 | $a | RU |
| | $b | ПБ им. Б.Н. Ельцина |
| | $c | 20131121 |
| | $g | RCR |
| | $2 | rusmarc |
| 852 | ## | $a | ГА РФ |
| | $j | 708 |
| 937 | ## | $d | 41881864 |
| | $h | ПБ |
| 035 | ## | $a | RuPRLIB51002775 |